Limbo Trabalhista

Detalles Bibliográficos
Autor principal: Alves Cabral, Lenz Alberto
Formato: eBook
Lenguaje:portugués
Publicado: San Pablo: LTR, 2018
Materias:
Acceso en línea:Acceso restringido

MARC

LEADER 00000nam a22000007a 4500
005 20181110110227.0
007 cr|||| ||||
008 181110s2018 br |||||s|||| 00||0 por d
020 |a 978-85-361-9765-4 
035 |a 22397 
040 |a vLex 
090 |c 8295  |d 8295 
100 1 |a Alves Cabral, Lenz Alberto 
245 1 0 |a Limbo Trabalhista  |h [Recurso electrn̤ico] /  |c Lenz Alberto Alves Cabral 
256 |a Servicio en ln̕ea 
260 |a San Pablo:  |b LTR,  |c 2018 
300 |a 1 recurso electrn̤ico 
500 |a Pb︢lico alvo. Este livro ̌dirigido a todos os operadores responsv̀eis pela sad︢e e seguranȧ do trabalhador em todas as esferas institucionais como o SESMT, na promoȯ̂ ̉sad︢e, prevenȯ̂ ao sinistros laborais e elaboraȯ̂ da documentaȯ̂ trabalhista; o INSS, na concessô de benefc̕ios previdencir̀ios; e, a Justiȧ do Trabalho, na reparaȯ̂ dos danos decorrentes dos sinistros laborais. Assim, acreditamos que possa ser t︢il para profissionais como Mďico do trabalho, Engenheiro de Seguranȧ, Fisioterapeuta do Trabalho, Tčnico de Seguranȧ, Enfermeiro do Trabalho, Psicl̤ogo do Trabalho, Terapeuta Ocupacional, Perito do INSS, Perito “Judicial”, Assistente tčnico, Advogado Trabalhista, Juiz do Trabalho, entre outros. 
506 1 |a Disponible solo en los productos indicados  |d vLex Global  |d vLex Global (Academic Edition, excluding Law Schools)  |d vLex Global (U.S. Academic Edition, Law Schools)  |d vLex Global (U.S. Academic Edition, excluding Law Schools)  |d vLex Global (Academic Edition, Law Schools) 
650 0 4 |a Derecho Laboral y Seguridad Social  |z Brasil 
740 0 |a vLex Libros (Servicio en ln̕ea) 
856 4 0 |u http://vlex.com/source/limbo-trabalhista-22397  |z Acceso restringido 
942 |c BOOK 
999 0 |a Labor law and social security